000
00276nam a2200121Ia 4500
005
20251222142018.0
008
251222s9999||||xx |||||||||||||| ||spa||
082
_a
869.5/O26
100
_a
O'Brien, Peter
245
0
_a
El Contrato Finch
264
_b
Petro PerĂº
942
_c
LIB
999
_c
10565
_d
10565